000 01156nam a2200301 i 4500
001 17645
003 ES-MaACL
005 20231215063506.0
007 t|
008 010418s2000 sp ||||1| spa d
020 _a84-95240-22-X
040 _cES-MaACL
080 _a34 Clemente de Diego, Felipe
080 _a347.2(460)
100 0 _aEspín, Diego
_947824
_eaut
245 1 0 _aDon Felipe Clemente de Diego, en la ciencia y la aplicación del derecho /
_cDiego Espín Cánovas.
260 _a[Madrid] :
_bColegio de Registradores de la Propiedad y Mercantiles de España,
_c[2000]
300 _a358 p. :
_bretr. ;
_c21 cm.
500 _aEn port.: Seminario Jerónimo González. Centro de Estudios Registrales.
600 1 4 _aDiego y Gutiérrez, Felipe Clemente de,
_d1866-1945
_9234641
650 1 4 _aDerechos reales-
_zEspaña.
_911782
700 1 _aDiego y Gutiérrez, Felipe Clemente de,
_d1866-1945
_eaut
_9234641
710 2 _aColegio de Registradores de la Propiedad y Mercantiles de España.
_92938
852 _aES-MaACL
_jL-24454
942 _cMONOGRAFIA
_n0
999 _c17645
_d17645